Czech First League Champions - Statistics

General Stats
  • This quiz has been taken 167 times
  • The average score is 22 of 24
Answer Stats
Year Team % Correct
1993-1994 Sparta Prague
99%
1994-1995 Sparta Prague
99%
1996-1997 Sparta Prague
99%
1997-1998 Sparta Prague
99%
1998-1999 Sparta Prague
99%
1999-2000 Sparta Prague
99%
2000-2001 Sparta Prague
99%
2002-2003 Sparta Prague
99%
2004-2005 Sparta Prague
99%
2006-2007 Sparta Prague
99%
2009-2010 Sparta Prague
99%
2013-2014 Sparta Prague
99%
1995-1996 Slavia Prague
98%
2007-2008 Slavia Prague
98%
2008-2009 Slavia Prague
98%
2016-2017 Slavia Prague
98%
2010-2011 Viktoria Plzeň
89%
2012-2013 Viktoria Plzeň
89%
2014-2015 Viktoria Plzeň
89%
2015-2016 Viktoria Plzeň
89%
2003-2004 Baník Ostrava
73%
2001-2002 Slovan Liberec
71%
2005-2006 Slovan Liberec
71%
2011-2012 Slovan Liberec
71%
No matching quizzes found
Score Distribution
Percent of People with Each Score
Percentile by Number Answered
Your Score History
You have not taken this quiz